2000 Names for Muslim Children (Record no. 614636)
[ view plain ]
| 000 -LEADER | |
|---|---|
| fixed length control field | 00243nam a22001097a 4500 |
| 040 ## - CATALOGING SOURCE | |
| Original cataloging agency | 0 |
| Transcribing agency | 0 |
| 082 ## - DEWEY DECIMAL CLASSIFICATION NUMBER | |
| Classification number | 297.122 |
| Author Mark | H968.2 |
| 100 ## - MAIN ENTRY--PERSONAL NAME | |
| Personal name | Aila F. Hussain |
| 9 (RLIN) | 130454 |
| 245 ## - TITLE STATEMENT | |
| Title | 2000 Names for Muslim Children |
| 300 ## - PHYSICAL DESCRIPTION | |
| Extent | 124p. |
| 942 ## - ADDED ENTRY ELEMENTS (KOHA) | |
| Source of classification or shelving scheme | |
| Koha item type | Book |
| Withdrawn status | Lost status | Source of classification or shelving scheme | Damaged status | Not for loan | Permanent Location | Current Location | Date acquired | Total Checkouts | Full call number | Barcode | Date last seen | Price effective from | Koha item type |
|---|---|---|---|---|---|---|---|---|---|---|---|---|---|
| School of Chemical & Materials Engineering (SCME) | School of Chemical & Materials Engineering (SCME) | 09/08/2025 | 297.122 H968.2 | SCME-D290 | 09/08/2025 | 09/08/2025 | Book |
